Rec & Roll. Una vida grabando el rock nacional.

Tallennettuna:
Bibliografiset tiedot
Päätekijä: Breuer, Mario (autor)
Aineistotyyppi: Kirja
Kieli:espanja
Julkaistu: Ciudad Autónoma de Buenos Aires, Argentina: Aguilar; Penguin Random House, 2017.
Aiheet:
Tagit: Lisää tagi
Ei tageja, Lisää ensimmäinen tagi!

MARC

LEADER 00000nam a22000007a 4500
003 CL-VaPUC
005 20250407202450.0
008 250317t2017 ||||| |||| 00| 0 spa d
999 |c 447399  |d 447397 
020 |a 978-987-735-181-1 
040 |c Pontificia Universidad Católica de Valparaíso 
082 |2 22  |a 781.660982 BRE 2017 
100 |9 896961  |a Breuer, Mario  |e autor 
245 |a Rec & Roll.  |b Una vida grabando el rock nacional. 
260 |a Ciudad Autónoma de Buenos Aires, Argentina:  |b Aguilar;  |b Penguin Random House,  |c 2017. 
300 |a 188 páginas:  |b fotografías. 
500 |a c.1: Instituto Arcos.08-01-2025. 
583 |c 20250317  |k Yessy Sthefany Diaz Vidal 
600 0 |9 896961  |a Breuer, Mario  |x Ingeniero de sonido y productor discográfico  |v Autobiografía 
650 0 |9 877418  |a Industria discográfica  |x Rock  |y Grabaciones  |z Argentina 
651 0 |9 254888  |a Argentina  |x Música rock  |y 1970-2010 
942 |2 ddc  |c BK  |n 0 
952 |0 0  |1 0  |2 ddc  |4 0  |6 781_660982000000000_BRE_2017  |7 0  |8 A  |9 601389  |a BIBINC  |b BIBINC  |d 2025-03-17  |e Instituto Arcos  |i 5666249  |l 1  |o 781.660982 BRE 2017  |p 5666249  |r 2025-04-30  |s 2025-04-16  |t 1  |w 2025-03-17  |y BK  |k IFP